<?xml version="1.0" encoding="UTF-8"?>
<record
    xmlns:xsi="http://www.w3.org/2001/XMLSchema-instance"
    xsi:schemaLocation="http://www.loc.gov/MARC21/slim http://www.loc.gov/standards/marcxml/schema/MARC21slim.xsd"
    xmlns="http://www.loc.gov/MARC21/slim">

  <leader>02674cam a22003495a 4500</leader>
  <controlfield tag="001">18316822</controlfield>
  <controlfield tag="005">20201128023954.0</controlfield>
  <controlfield tag="008">140925s2015    enka   frbd   001 0 eng d</controlfield>
  <datafield tag="010" ind1=" " ind2=" ">
    <subfield code="a">  2014037845</subfield>
  </datafield>
  <datafield tag="020" ind1=" " ind2=" ">
    <subfield code="a">9781137398802 (pbk.)</subfield>
  </datafield>
  <datafield tag="020" ind1=" " ind2=" ">
    <subfield code="a">1137398809 (pbk.)</subfield>
  </datafield>
  <datafield tag="040" ind1=" " ind2=" ">
    <subfield code="a">DLC</subfield>
    <subfield code="b">eng</subfield>
    <subfield code="c">DLC</subfield>
    <subfield code="d">DLC</subfield>
    <subfield code="d">EG-ScBUE</subfield>
  </datafield>
  <datafield tag="042" ind1=" " ind2=" ">
    <subfield code="a">pcc</subfield>
  </datafield>
  <datafield tag="082" ind1="0" ind2="4">
    <subfield code="2">22</subfield>
    <subfield code="a">327</subfield>
    <subfield code="b">GRI</subfield>
  </datafield>
  <datafield tag="100" ind1="1" ind2=" ">
    <subfield code="a">Grieco, Joseph M.</subfield>
    <subfield code="9">41646</subfield>
  </datafield>
  <datafield tag="245" ind1="1" ind2="0">
    <subfield code="a">Introduction to international relations :</subfield>
    <subfield code="b">enduring questions and contemporary perspectives /</subfield>
    <subfield code="c">Joseph Grieco, G. John Ikenberry, Michael Mastanduno.</subfield>
  </datafield>
  <datafield tag="260" ind1=" " ind2=" ">
    <subfield code="a">London : </subfield>
    <subfield code="b">Palgrave / Macmillan Publishers Limited,</subfield>
    <subfield code="c">2015.</subfield>
  </datafield>
  <datafield tag="300" ind1=" " ind2=" ">
    <subfield code="a">xxxviii, 503 p. :</subfield>
    <subfield code="b">col. ill. ;</subfield>
    <subfield code="c">25 cm.</subfield>
  </datafield>
  <datafield tag="500" ind1=" " ind2=" ">
    <subfield code="a">Glossary : p. 454-474.</subfield>
  </datafield>
  <datafield tag="500" ind1=" " ind2=" ">
    <subfield code="a">Index : p. 495-503.</subfield>
  </datafield>
  <datafield tag="504" ind1=" " ind2=" ">
    <subfield code="a">Bibliography : p. 475-494.</subfield>
  </datafield>
  <datafield tag="505" ind1="8" ind2=" ">
    <subfield code="a">1. Understanding International Relations -- pt. 1. : FOUNDATIONS OF INTERNATIONAL RELATIONS -- 2. The Emergence of a Global System of States, 1500-today -- 3. Theories of International Relations -- 4. The Analysis of Foreign Policy -- pt. 2.: WAR AND PEACE: AN INTRODUCTION TO SECURITY STUDIES -- 5. War and Its Causes -- 6. Pathways to Interstate Peace -- 7. Weapons of Mass Destruction -- pt.3: WEALTH AND POWER: AN INTRODUCTION TO INTERNATIONAL POLITICAL ECONOMY -- 8. International Politics and International Economics: Trade, Money, Multinationals, and Institutions -- 9. Power, Politics, and the World Economy -- 10. Dilemmas of Development -- pt.4: CONTEMPORARY CHALLENGES AND THE FUTURE OF INTERNATIONAL RELATIONS -- 11. Pirates, Warlords, and Terrorists: Challenges to the State -- 12. The Environment and International Relations -- 13. Facing the Future: Six Visions of an Emerging International Order.</subfield>
  </datafield>
  <datafield tag="520" ind1=" " ind2=" ">
    <subfield code="a">"Based on many years of teaching international relations courses and long-time collaboration between the authors, this major new text provides an authoritative introduction to international relations and to the long-standing questions that have engaged generations of IR scholars and students. Boxed features in each chapter help students navigate the 'levels of analysis', view the world from multiple perspectives, and 'make connections' between theory and practice, past and present, and aspirations and reality"--</subfield>
  </datafield>
  <datafield tag="590" ind1=" " ind2=" ">
    <subfield code="a">Wessam</subfield>
  </datafield>
  <datafield tag="650" ind1=" " ind2="7">
    <subfield code="a">International relations</subfield>
    <subfield code="x">Study and teaching.</subfield>
    <subfield code="2">BUEsh</subfield>
    <subfield code="9">2832</subfield>
  </datafield>
  <datafield tag="651" ind1=" " ind2=" ">
    <subfield code="2">BUEsh</subfield>
  </datafield>
  <datafield tag="653" ind1=" " ind2=" ">
    <subfield code="b">BUSBOL</subfield>
    <subfield code="c">November2016</subfield>
  </datafield>
  <datafield tag="700" ind1="1" ind2=" ">
    <subfield code="a">Ikenberry, G. John.</subfield>
    <subfield code="9">12573</subfield>
  </datafield>
  <datafield tag="700" ind1="1" ind2=" ">
    <subfield code="a">Mastanduno, Michael.</subfield>
    <subfield code="9">15592</subfield>
  </datafield>
  <datafield tag="856" ind1=" " ind2=" ">
    <subfield code="u">https://he.palgrave.com/companion/Grieco-Introduction-To-International-Relations/</subfield>
    <subfield code="y">Innovative learning resources</subfield>
  </datafield>
  <datafield tag="942" ind1=" " ind2=" ">
    <subfield code="2">ddc</subfield>
    <subfield code="e">22</subfield>
    <subfield code="k">327 GRI</subfield>
  </datafield>
  <datafield tag="999" ind1=" " ind2=" ">
    <subfield code="c">22979</subfield>
    <subfield code="d">22951</subfield>
  </datafield>
  <datafield tag="952" ind1=" " ind2=" ">
    <subfield code="0">0</subfield>
    <subfield code="1">0</subfield>
    <subfield code="2">ddc</subfield>
    <subfield code="4">0</subfield>
    <subfield code="7">0</subfield>
    <subfield code="8">Baccah</subfield>
    <subfield code="a">MAIN</subfield>
    <subfield code="b">MAIN</subfield>
    <subfield code="c">1ST</subfield>
    <subfield code="d">2016-11-01</subfield>
    <subfield code="e">Purchase</subfield>
    <subfield code="g">490.00</subfield>
    <subfield code="h">3634</subfield>
    <subfield code="l">2</subfield>
    <subfield code="m">14</subfield>
    <subfield code="o">327 GRI</subfield>
    <subfield code="p">000034239</subfield>
    <subfield code="r">2025-07-15 00:00:00</subfield>
    <subfield code="s">2017-10-16</subfield>
    <subfield code="v">612.50</subfield>
    <subfield code="y">BB</subfield>
  </datafield>
</record>
